000 00550nam a2200205 a 4500
003 BD-RjUL
005 20240327101134.0
008 910217s19601932enk 000 0 eng d
040 _aBAR
_beng
_cBD-RjUL
041 _aeng
082 _a823.91
_bISM 1960
092 _a828.91 ISH C/m
100 1 _aIsherwood, Christopher,
_d1904-1986
_912473
245 1 4 _aThe memorial :
_bportrait of a family
260 _aLondon :
_bHogarth Pr.,
_c1960
300 _a294 p. ;
_c19 cm.
500 _aFirst pub. 1932.
942 _2ddc
_cBK
990 _auniversities
999 _c83486
_d83486